[Event "BUL-chT-B Group qual B"]
[Site "Sofia"]
[Date "2010.02.20"]
[Round "3.4"]
[White "Lazarov, Alexander"]
[Black "Kirjakov, Toma"]
[Result "0-1"]
[WhiteElo "2253"]
[BlackElo "2117"]
[PlyCount "90"]
[EventDate "2010.02.19"]
[EventType "team-tourn"]
[EventRounds "4"]
[EventCountry "BUL"]
[SourceTitle "CBM 135 Extra"]
[Source "ChessBase"]
[SourceDate "2010.05.04"]
[SourceVersion "1"]
[SourceVersionDate "2010.05.04"]
[SourceQuality "1"]
[WhiteTeam "Sofia Slavia"]
[BlackTeam "Dobrich Energiya 21"]
[WhiteTeamCountry "BUL"]
[BlackTeamCountry "BUL"]

1. e4 c5 2. Nf3 e6 3. b3 b6 4. Bb2 Bb7 5. Nc3 Nc6 6. Be2 Nge7 7. 0-0 d5 8. exd5 Nxd5 9. Nxd5 Qxd5 10. Bc4 Qh5 11. Qe2 Be7 12. a3 0-0 13. Rfe1 Rad8 14. Bd3 Rd7 15. Be4 Bd6 16. h3 Ne7 17. Bxb7 Rxb7 18. d4 Nd5 19. Qe4 b5 20. dxc5 Bxc5 21. Ne5 Rc7 22. Nd3 Be7 23. Re2 Rfc8 24. Nb4 Nf6 25. Bxf6 Bxf6 26. Ra2 a5 27. Nd3 Bc3 28. Kf1 Qg5 29. b4 a4 30. Nc5 Qc1+ 31. Re1 Bxe1 32. Qxe1 Qf4 33. Qe2 Qd4 34. Kg1 Rxc5 35. bxc5 Rxc5 36. c3 Qxc3 37. Rd2 g6 38. Rd3 Qa1+ 39. Rd1 Qxa3 40. g3 Rc1 41. Kg2 Rxd1 42. Qxd1 Qb2 43. h4 h5 44. g4 hxg4 45. Qxg4 Qe5 0-1

[Event "Albena op"]
[Site "Albena"]
[Date "2009.06.25"]
[Round "6"]
[White "Dimitrov, Radoslav"]
[Black "Kirjakov, Toma"]
[Result "1-0"]
[WhiteElo "2388"]
[BlackElo "2115"]
[PlyCount "87"]
[EventDate "2009.06.20"]
[EventType "swiss"]
[EventRounds "9"]
[EventCountry "BUL"]
[SourceTitle "CBM 130 Extra"]
[Source "ChessBase"]
[SourceDate "2009.07.02"]
[SourceVersion "2"]
[SourceVersionDate "2009.07.15"]
[SourceQuality "1"]

1. c4 c5 2. Nc3 e6 3. e4 d6 4. g3 a6 5. Bg2 Be7 6. Nge2 Nf6 7. 0-0 0-0 8. d3 Nc6 9. h3 Rb8 10. Be3 b5 11. f4 Nd7 12. Qd2 Qb6 13. b3 Nd4 14. Bf2 Bb7 15. Rad1 Bf6 16. g4 g6 17. Ng3 Bg7 18. Nce2 a5 19. Nxd4 cxd4 20. cxb5 Qxb5 21. f5 a4 22. Ne2 e5 23. Bh4 f6 24. bxa4 Qxa4 25. g5 Qa6 26. fxg6 hxg6 27. gxf6 Nxf6 28. Bxf6 Rxf6 29. Rxf6 Bxf6 30. Qh6 Qxa2 31. Qxg6+ Bg7 32. Ng3 Bc8 33. Rf1 Qe6 34. Qg5 Rb7 35. Qd8+ Kh7 36. Nf5 Rf7 37. Rc1 Bd7 38. Qh4+ Bh6 39. Rc7 Be8 40. Rc2 Bd7 41. Kh1 Qg6 42. Rc7 Bxf5 43. exf5 Qg8 44. Bd5 1-0

[Event "Albena op"]
[Site "Albena"]
[Date "2009.06.21"]
[Round "2"]
[White "Kirjakov, Toma"]
[Black "Spiridonov, Nikola"]
[Result "0-1"]
[WhiteElo "2115"]
[BlackElo "2359"]
[PlyCount "32"]
[EventDate "2009.06.20"]
[EventType "swiss"]
[EventRounds "9"]
[EventCountry "BUL"]
[SourceTitle "CBM 130 Extra"]
[Source "ChessBase"]
[SourceDate "2009.07.02"]
[SourceVersion "2"]
[SourceVersionDate "2009.07.15"]
[SourceQuality "1"]

1. e4 c5 2. Nf3 Nc6 3. Nc3 g6 4. d4 cxd4 5. Nxd4 Bg7 6. Be3 Nf6 7. Be2 0-0 8. 0-0 d5 9. exd5 Nb4 10. Qd2 Nbxd5 11. Nxd5 Nxd5 12. Bh6 e5 13. Bxg7 Kxg7 14. Rfd1 Nf4 15. Qe3 Qg5 16. Qg3 Qf6 0-1